<?xml version="1.0" encoding="UTF-8"?>
<record
    xmlns:xsi="http://www.w3.org/2001/XMLSchema-instance"
    xsi:schemaLocation="http://www.loc.gov/MARC21/slim http://www.loc.gov/standards/marcxml/schema/MARC21slim.xsd"
    xmlns="http://www.loc.gov/MARC21/slim">

  <leader>03420njm a2200541Ia 4500</leader>
  <controlfield tag="001">27446</controlfield>
  <controlfield tag="003">IT-RoPAU</controlfield>
  <controlfield tag="005">20220918181212.0</controlfield>
  <controlfield tag="008">131025s9999    xx            000 0 und d</controlfield>
  <datafield tag="040" ind1=" " ind2=" ">
    <subfield code="a">IT-RoPAU</subfield>
  </datafield>
  <datafield tag="040" ind1=" " ind2=" ">
    <subfield code="c">IT-RoPAU</subfield>
  </datafield>
  <datafield tag="999" ind1=" " ind2=" ">
    <subfield code="c">103728</subfield>
    <subfield code="d">103728</subfield>
  </datafield>
  <datafield tag="999" ind1=" " ind2=" ">
    <subfield code="b">n.d.</subfield>
  </datafield>
  <datafield tag="100" ind1=" " ind2=" ">
    <subfield code="a">AA.VV.</subfield>
    <subfield code="9">794</subfield>
  </datafield>
  <datafield tag="100" ind1=" " ind2=" ">
    <subfield code="e">Autore musica</subfield>
    <subfield code="9">18064</subfield>
  </datafield>
  <datafield tag="100" ind1=" " ind2=" ">
    <subfield code="g">Codice autore musica SPICS: 12000</subfield>
    <subfield code="9">796</subfield>
  </datafield>
  <datafield tag="245" ind1=" " ind2=" ">
    <subfield code="a">Joseph Montzel e la sua orchestra</subfield>
  </datafield>
  <datafield tag="250" ind1=" " ind2=" ">
    <subfield code="a">1a ed.</subfield>
  </datafield>
  <datafield tag="260" ind1=" " ind2=" ">
    <subfield code="a">ROMA</subfield>
  </datafield>
  <datafield tag="260" ind1=" " ind2=" ">
    <subfield code="b">SIBILLA</subfield>
  </datafield>
  <datafield tag="300" ind1=" " ind2=" ">
    <subfield code="a">DISCO</subfield>
  </datafield>
  <datafield tag="300" ind1=" " ind2=" ">
    <subfield code="c">33 minuti (Testo:  pag.)</subfield>
  </datafield>
  <datafield tag="500" ind1=" " ind2=" ">
    <subfield code="a">Musica strumentale</subfield>
  </datafield>
  <datafield tag="505" ind1=" " ind2=" ">
    <subfield code="a">Una cosa da niente (4:00) - Caro Paganini (3:00) - Mi perdo in te (3:00) - Una lacrima nel pugno (3:00) - La sua bocca (3:00) - Il bene che ti voglio (3:00) - Sempre pi&#xF9; difficile (3:00) - Busser&#xF2; alla tua porta (3:00) - Tu sei l'estate (4:00) - Non piove pi&#xF9; (4:00) - Stasera me ne andr&#xF2; (3:00) - Due calde lacrime (3:00)</subfield>
  </datafield>
  <datafield tag="511" ind1=" " ind2=" ">
    <subfield code="a">Direttore d'orchestra: Montzel Joseph</subfield>
  </datafield>
  <datafield tag="650" ind1=" " ind2=" ">
    <subfield code="a">STRUMENTALE [DISCHI]</subfield>
    <subfield code="e">Codice MATERIA SPICS: 9950</subfield>
    <subfield code="9">828</subfield>
  </datafield>
  <datafield tag="700" ind1=" " ind2=" ">
    <subfield code="a">Montzel Joseph</subfield>
    <subfield code="g">Codice interprete SPICS: 11029</subfield>
    <subfield code="e">Interprete</subfield>
    <subfield code="9">18065</subfield>
  </datafield>
  <datafield tag="700" ind1=" " ind2=" ">
    <subfield code="a">Surace D.</subfield>
    <subfield code="g">Codice autore musica SPICS: 22538</subfield>
    <subfield code="e">Autore musica</subfield>
    <subfield code="p">Una cosa da niente</subfield>
    <subfield code="9">18066</subfield>
  </datafield>
  <datafield tag="700" ind1=" " ind2=" ">
    <subfield code="a">Monti Elvio</subfield>
    <subfield code="g">Codice autore SPICS: 11030</subfield>
    <subfield code="e">Autore</subfield>
    <subfield code="p">Una cosa da niente - Tu sei l'estate</subfield>
    <subfield code="9">18067</subfield>
  </datafield>
  <datafield tag="700" ind1=" " ind2=" ">
    <subfield code="a">Vuolo D.</subfield>
    <subfield code="g">Codice autore testo/musica SPICS: 28278</subfield>
    <subfield code="e">Autore testo/musica</subfield>
    <subfield code="p">Una cosa da niente</subfield>
    <subfield code="9">18068</subfield>
  </datafield>
  <datafield tag="700" ind1=" " ind2=" ">
    <subfield code="a">Benedetto</subfield>
    <subfield code="g">Codice autore musica SPICS: 13364</subfield>
    <subfield code="e">Autore musica</subfield>
    <subfield code="p">Caro Paganini - Busser&#xF2; alla tua porta</subfield>
    <subfield code="9">18069</subfield>
  </datafield>
  <datafield tag="700" ind1=" " ind2=" ">
    <subfield code="a">Alfieri </subfield>
    <subfield code="g">Codice autore testo/musica SPICS: 24559</subfield>
    <subfield code="e">Autore testo/musica</subfield>
    <subfield code="p">Caro Paganini - Busser&#xF2; alla tua porta</subfield>
    <subfield code="9">18070</subfield>
  </datafield>
  <datafield tag="700" ind1=" " ind2=" ">
    <subfield code="a">Pelleus</subfield>
    <subfield code="g">Codice autore musica SPICS: 24144</subfield>
    <subfield code="e">Autore musica</subfield>
    <subfield code="p">Mi perdo in te - Sempre pi&#xF9; difficile - Stasera me ne andr&#xF2;</subfield>
    <subfield code="9">18071</subfield>
  </datafield>
  <datafield tag="700" ind1=" " ind2=" ">
    <subfield code="a">Sciascia</subfield>
    <subfield code="g">Codice autore testo/musica SPICS: 24608</subfield>
    <subfield code="e">Autore testo/musica</subfield>
    <subfield code="p">Mi perdo in te</subfield>
    <subfield code="9">18072</subfield>
  </datafield>
  <datafield tag="700" ind1=" " ind2=" ">
    <subfield code="a">Damele</subfield>
    <subfield code="g">Codice autore musica SPICS: 24141</subfield>
    <subfield code="e">Autore musica</subfield>
    <subfield code="p">Una lacrima nel pugno</subfield>
    <subfield code="9">18073</subfield>
  </datafield>
  <datafield tag="700" ind1=" " ind2=" ">
    <subfield code="a">Palma</subfield>
    <subfield code="g">Codice autore testo/musica SPICS: 28282</subfield>
    <subfield code="e">Autore testo/musica</subfield>
    <subfield code="p">Una lacrima nel pugno</subfield>
    <subfield code="9">18074</subfield>
  </datafield>
  <datafield tag="700" ind1=" " ind2=" ">
    <subfield code="a">Ruthuard</subfield>
    <subfield code="g">Codice autore musica SPICS: 11133</subfield>
    <subfield code="e">Autore musica</subfield>
    <subfield code="p">La sua bocca - Tu sei l'estate - Due calde lacrime</subfield>
    <subfield code="9">18075</subfield>
  </datafield>
  <datafield tag="700" ind1=" " ind2=" ">
    <subfield code="a">Potieri</subfield>
    <subfield code="g">Codice autore testo/musica SPICS: 28283</subfield>
    <subfield code="e">Autore testo/musica</subfield>
    <subfield code="p">La sua bocca</subfield>
    <subfield code="9">18076</subfield>
  </datafield>
  <datafield tag="700" ind1=" " ind2=" ">
    <subfield code="a">Barone Emilia</subfield>
    <subfield code="g">Codice autore testo/musica SPICS: 9531</subfield>
    <subfield code="e">Autore testo/musica</subfield>
    <subfield code="p">Il bene che ti voglio</subfield>
    <subfield code="9">18077</subfield>
  </datafield>
  <datafield tag="700" ind1=" " ind2=" ">
    <subfield code="a">Fontana Jimmy</subfield>
    <subfield code="g">Codice autore SPICS: 10905</subfield>
    <subfield code="e">Autore</subfield>
    <subfield code="p">Sempre pi&#xF9; difficile</subfield>
    <subfield code="9">18078</subfield>
  </datafield>
  <datafield tag="700" ind1=" " ind2=" ">
    <subfield code="a">Bux</subfield>
    <subfield code="g">Codice autore testo/musica SPICS: 28284</subfield>
    <subfield code="e">Autore testo/musica</subfield>
    <subfield code="p">Sempre pi&#xF9; difficile</subfield>
    <subfield code="9">18079</subfield>
  </datafield>
  <datafield tag="700" ind1=" " ind2=" ">
    <subfield code="a">Roberti Jean-Claude</subfield>
    <subfield code="g">Codice autore testo/musica SPICS: 18787</subfield>
    <subfield code="e">Autore testo/musica</subfield>
    <subfield code="p">Tu sei l'estate</subfield>
    <subfield code="9">18080</subfield>
  </datafield>
  <datafield tag="700" ind1=" " ind2=" ">
    <subfield code="a">Zauli F.</subfield>
    <subfield code="g">Codice autore musica SPICS: 24146</subfield>
    <subfield code="e">Autore musica</subfield>
    <subfield code="p">Non piove pi&#xF9;</subfield>
    <subfield code="9">18081</subfield>
  </datafield>
  <datafield tag="700" ind1=" " ind2=" ">
    <subfield code="a">Tassi</subfield>
    <subfield code="g">Codice autore SPICS: 15775</subfield>
    <subfield code="e">Autore</subfield>
    <subfield code="p">Non piove pi&#xF9;</subfield>
    <subfield code="9">18082</subfield>
  </datafield>
  <datafield tag="700" ind1=" " ind2=" ">
    <subfield code="a">Borri</subfield>
    <subfield code="g">Codice autore testo/musica SPICS: 28285</subfield>
    <subfield code="e">Autore testo/musica</subfield>
    <subfield code="p">Non piove pi&#xF9;</subfield>
    <subfield code="9">18083</subfield>
  </datafield>
  <datafield tag="700" ind1=" " ind2=" ">
    <subfield code="a">Annino</subfield>
    <subfield code="g">Codice autore testo/musica SPICS: 28286</subfield>
    <subfield code="e">Autore testo/musica</subfield>
    <subfield code="p">Stasera me ne andr&#xF2;</subfield>
    <subfield code="9">18084</subfield>
  </datafield>
  <datafield tag="700" ind1=" " ind2=" ">
    <subfield code="a">D'Andrea Franco</subfield>
    <subfield code="g">Codice autore testo/musica SPICS: 16381</subfield>
    <subfield code="e">Autore musica</subfield>
    <subfield code="p">Due calde lacrime</subfield>
    <subfield code="9">18085</subfield>
  </datafield>
  <datafield tag="942" ind1=" " ind2=" ">
    <subfield code="c">MD</subfield>
    <subfield code="2">ddc</subfield>
  </datafield>
  <datafield tag="952" ind1=" " ind2=" ">
    <subfield code="0">0</subfield>
    <subfield code="1">0</subfield>
    <subfield code="4">0</subfield>
    <subfield code="6">27446_000000000000000</subfield>
    <subfield code="7">1</subfield>
    <subfield code="a">SPICS</subfield>
    <subfield code="b">SPICS</subfield>
    <subfield code="d">2013-10-25</subfield>
    <subfield code="l">0</subfield>
    <subfield code="o">27446</subfield>
    <subfield code="r">2013-10-25 00:00:00</subfield>
    <subfield code="w">2013-10-25</subfield>
    <subfield code="y">MD</subfield>
    <subfield code="z">Progr. Ins.: 7003 / N.Vol.: 1 / Copie: 1 - Copia rara: n.d. / date import: 01.01.2014 - By Epidotti, Trombetti, Vaglietti</subfield>
  </datafield>
</record>
